Science Quiz

Random Science Quiz

MCAT Glands and Their Hormones Quiz Stats

 Plays Quiz not verified by Sporcle

Also try: Divisible by 3?
Challenge
Share
Tweet
Embed
Score 0/22 Timer 08:00
0 Plays Today
Gland/Organ Hormone % Correct
Anterior Pituitary???
92.9%
Anterior Pituitary???
91.4%
Anterior Pituitary???
90.9%
Pancreas???
90.4%
Posterior Pituitary???
88.9%
Ovaries???
88.4%
Pancreas???
87.9%
Posterior Pituitary???
87.4%
Testes???
86.4%
Anterior Pituitary???
81.8%
Thyroid???
80.8%
Gland/Organ Hormone % Correct
Ovaries???
79.3%
Adrenal Medulla???
78.8%
Anterior Pituitary???
77.8%
Adrenal Cortex???
75.8%
Anterior Pituitary???
75.3%
Parathyroid???
74.2%
Adrenal Cortex???
65.2%
Thyroid???
52.5%
Placenta???
37.9%
Placenta???
32.8%
Placenta???
30.8%

You're not logged in!

Compare scores with friends on all Sporcle quizzes.
Join for Free
OR
Log In

You Might Also Like...

Show Comments

Extras

Top Quizzes Today


Score Distribution

Your Account Isn't Verified!

In order to create a playlist on Sporcle, you need to verify the email address you used during registration. Go to your Sporcle Settings to finish the process.

Report this User

Report this user for behavior that violates our Community Guidelines.

Details: